| 000 | 00595nam a22002177a 4500 | ||
|---|---|---|---|
| 003 | OSt | ||
| 008 | 260629b |||||||| |||| 00| 0 eng d | ||
| 020 | _a9789389949766 | ||
| 082 |
_a613.2 _bS64W |
||
| 100 | _aSmith, Anne M. | ||
| 245 |
_aWardlaw's Contemporary Nutrition _cSmith, Anne M. |
||
| 250 |
_a5th edition _bIndian Edition |
||
| 260 |
_aChennai, Tamilnadu, India _bMcGraw Hill Eduction _c2018 |
||
| 300 | _axxvi., 743p., I-24 | ||
| 650 | _aHuman nutrition. | ||
| 650 | _aDiet | ||
| 650 | _aHealth | ||
| 650 | _aNutrition | ||
| 650 | _aNutrition $v Textbooks. | ||
| 942 |
_2ddc _cBK |
||
| 999 |
_c52476 _d52476 |
||